Minecraft Mob Click Quiz - Statistics

General Stats
  • This quiz has been taken 121 times
  • The average score is 20 of 22
Answer Stats
Hint Answer % Correct
Blaze
95%
Camel
94%
Silverfish
94%
Snow Golem
94%
Guardian
93%
Iron Golem
93%
Wolf
93%
Cod
91%
Ghast
91%
Pufferfish
90%
Sniffer
90%
Tropical Fish
90%
Allay
89%
Breeze
89%
Endermite
89%
Mule
89%
Phantom
89%
Ravager
89%
Drowned
88%
Husk
85%
Bogged
84%
Vex
79%
No matching quizzes found
Score Distribution
Percent of People with Each Score
Percentile by Number Answered
Your Score History
You have not taken this quiz